000 00679nam a22002177a 4500
003 UA-OsUOA
001 40383
007 ta
008 20080610b un ||||| |||| 00| 0 ukr d
090 _a82(091)477
_bМ26
942 _cBK
040 _aUA-OsUOA
_bukr
_cUA-OsUOA
_dUA-OsUOA
245 _aМаркіян Шашкевич і українське національне відродження
300 _a166 с.
955 _a1
041 _aukr
080 _a82(091)477
260 _aЛьвів
_bІнституту українознавства НАН України
_c1993
650 7 _a82 Література. Літературознавство
_2UDC
999 _c438891
_d438891